000 00886nam a2200265 i 4500
001 bg
003 BPK
005 20210917085716.0
008 070528s2007 pl a f f |001 0 pol
015 _aPB 16499/2007
020 _a9788320816938
040 _aWA N
_cBPK
080 _a658.14/.17
080 _a(075.8)
100 1 _aDuliniec, Aleksandra
_eAutor
245 1 0 _aFinansowanie przedsiębiorstwa /
_cAleksandra Duliniec.
260 _aWarszawa :
_bPolskie Wydawnictwo Ekonomiczne,
_c2007.
300 _a179 s. :
_bil. ;
_c24 cm.
504 _aBibliogr. s. 171-173. Indeks.
655 4 _aPodręczniki akademickie
650 4 _aFinanse przedsiębiorstwa
_xfinanse.
710 2 _aPolskie Wydawnictwo Ekonomiczne
_4pbl.
942 _2UKD
_cKS
856 _uhttp://koha.tu.koszalin.pl/cgi-bin/koha/opac-detail.pl?biblionumber=53452
_yKatalog online BPK
999 _c53452
_d53452